| 000 | 01199nam a2200325 c 4500 | ||
|---|---|---|---|
| 003 | BLK | ||
| 005 | 20230911122758.0 | ||
| 008 | 180412b bul|||||r ||||||| ||bul|| | ||
| 010 | _aKNG00006871000 | ||
| 020 |
_a954-8181-64-9 _bиздат.: Компас |
||
| 040 | _aBLK | ||
| 041 |
_aBUL _cBUL |
||
| 080 |
_aАмериканска литература (на САЩ) _b821.111(73) _x-31 _z821.111(73)-31 |
||
| 100 | 1 |
_aДелински, Барбара _eпърви автор _959608 |
|
| 139 |
_aДелински, Барбара _bД 37 |
||
| 245 | 1 | 0 |
_aСърце на нощта _bРоман _cБарбара Делински. |
| 257 | _aUSA | ||
| 260 |
_аВарна _bКомпас _c1995 _fВ. Търново : Абагар |
||
| 300 |
_a461 с. _c20 см |
||
| 380 | _aX | ||
| 490 | 1 |
_aРоманите на розата _v33 |
|
| 500 | _aОриг. загл. Heart of the Night /Barbara Delinsky. - 6 000 тир. | ||
| 653 | _aромани | ||
| 852 | _aЦб 182317 | ||
| 856 | 4 |
_qpdf _u |
|
| 856 | 4 |
_qpdf _u |
|
| 942 |
_cKNG _n0 _072 |
||
| 944 |
_aCR _c15.01.2003 _lГалина Якимова _k30564 |
||
| 944 |
_aED _c08.02.2016 _lф / _kЛюдмила_Стоянова |
||
| 999 |
_c5671 _d5671 |
||